Monologue Amelie Neten - Statistiques

Statistiques générales
  • Ce quiz a été pris 207 fois
  • Le résultat moyen est 68 sur 149
Statistiques - réponses
% Correct
il
90%
faut
83%
que
82%
a
77%
se
72%
Nabilla
71%
oui
71%
qui
70%
sacher
70%
de
69%
bien
67%
sur
67%
par
66%
des
61%
au
59%
rateaux
59%
la
58%
pris
58%
qu'il
55%
un
52%
s'est
51%
aussi
48%
m'a
47%
moment
46%
te
45%
d'en
44%
presse
43%
donné
42%
tu
42%
je
41%
phénoménales
40%
Sofiane
40%
ce
39%
dit
39%
dans
37%
dire
36%
moi
36%
eu
35%
arrête
34%
paparrazailles
34%
dis
31%
personne
31%
est
30%
faire
30%
interesse
30%
quand
30%
pour
29%
donc
28%
j'ai
28%
télé
27%
vérité
27%
essayé
26%
et
25%
telephone
25%
vas
25%
elle
23%
encore
23%
t'en
23%
fait
22%
parce
22%
raconte
22%
vais
22%
commences
20%
essayer
20%
plait
20%
prendre
20%
s'il
20%
voulu
20%
maintenant
19%
mohammed
19%
savoir
19%
t'abstiens
19%
voila
18%
choses
17%
une
17%
week-end
17%
parles
15%
aux
14%
réalité
12%
sincèrement
12%
allé
11%
vu
11%
viens
10%
ridicule
8%
Aucun quiz correspondant
Distribution des résultats
% des personnes avec chaque résultat
Percentile par nombre de réponses
Votre historique - résultats
Vous n’avez pas pris ce quiz